000 02023nam a22002657a 4500
005 20150521145823.0
010 _aENG-112582
020 _a9789381904664
_c825.00
035 _aEN-96114
037 _bDBAD/PUB
082 _a355.0217
245 0 0 _aStrategy in the second nuclear age :
_cedited by Toshi Yoshihara [and] James R. Holmes
_bpower, ambition and the ultimate weapon /
260 _aNew Delhi
_bKW Publishers
_c2013(repr.)
270 _a4676/21, First Floor, Ansari Road, Daryaganj,
_bNew Delhi
_e110002
300 _avi,250p.
_c24cm(pbk)
500 _a Includes bibliographical references and index.
505 _a Introduction / Toshi Yoshihara and James R. Holmes -- After proliferation: deterrence theory and emerging nuclear powers / Joshua Rovner -- South Africa’s nuclear strategy: deterring "total onslaught" and "nuclear blackmail" in three stages / Helen E. Purkitt and Stephen F. Burgess -- The future of Chinese nuclear strategy / Christopher T. Yeaw, Andrew S. Erickson, and Michael S. Chase -- North Korea’s nuclear weapons program: motivations, strategy, and doctrine / Terence Roehrig -- Changing perceptions of extended deterrence in Japan / James L. Schoff -- Thinking about the unthinkable: Tokyo’s nuclear option / James R. Holmes and Toshi Yoshihara -- India’s nuclear strategy / Anupam Srivastava and Seema Gahlaut -- The future of India’s undersea nuclear deterrent / Andrew C. Winner -- Pakistan’s nuclear posture: thinking about the unthinkable? / Timothy D. Hoyt -- Regime type, nuclear reversals, and nuclear strategy: the ambiguous case of Iran / Scott A. Jones and James R. Holmes -- Conclusion: thinking about strategy in the second nuclear age / Toshi Yoshihara and James R. Holmes.
650 _aNuclear warfare.
650 _a Nuclear weapons
_xGovernment policy.
650 _a Strategic forces.
650 _aSecurity, International.
700 _aYoshihara, Toshi
700 _aHolmes, James R.
942 _2ddc
_cEN
_mSTR
_h355.0217
999 _c92740
_d92740